| Tag |
First Indicator |
Second Indicator |
Subfields |
| LEADER |
00000cam a2200000 i 4500 |
| 001 |
in00000082930 |
| 005 |
20151008054256.0 |
| 008 |
760310m19751991enka b 00110 eng d |
| 010 |
|
|
|a 75005668
|
| 020 |
|
|
|a 0122068017
|
| 035 |
|
|
|a (OCoLC)02041924
|
| 035 |
|
|
|9 AAJ0171AM
|
| 040 |
|
|
|a GSU
|c GSU
|d WSM
|d m.c.
|d TXA
|d UtOrBLW
|
| 049 |
|
|
|a TXAM
|c 1
|v 1 [1106845]
|v 2 [1106846]
|v 3 [1572980]
|v 4 [1501111]
|v 5 [1501112]
|c 2
|v 2 [1572979]
|
| 060 |
|
0 |
|a QT4 D267i
|
| 090 |
|
|
|a QP31.2
|b .D37 1975a
|
| 100 |
1 |
|
|a Davson, Hugh,
|d 1909-1996.
|
| 245 |
1 |
0 |
|a Introduction to physiology /
|c Hugh Davson, M.B. Segal.
|
| 264 |
|
1 |
|a London ;
|a New York :
|b Academic Press,
|c 1975-[1991]
|
| 300 |
|
|
|a 5 volumes :
|b illustrations ;
|c 24 cm.
|
| 336 |
|
|
|a text
|b txt
|2 rdacontent
|
| 337 |
|
|
|a unmediated
|b n
|2 rdamedia
|
| 338 |
|
|
|a volume
|b nc
|2 rdacarrier
|
| 500 |
|
|
|a Volume 2 has imprint: Academic Press, London, New York.
|
| 500 |
|
|
|a Volumes 1-2 have subtitle: Basic mechanisms.
|
| 504 |
|
|
|a Includes bibliographical references and indexes.
|
| 650 |
|
0 |
|a Physiology.
|
| 650 |
|
2 |
|a Physiology.
|
| 700 |
1 |
|
|a Segal, Malcolm B.
|q (Malcolm Beverley)
|
| 999 |
|
|
|a MARS
|
| 999 |
f |
f |
|s 3ae3f218-41ab-31ef-bd81-37497ee0a30f
|i 464e5baa-5258-3ae7-908a-87f2f8f7a21b
|t 0
|
| 952 |
f |
f |
|p ric
|a Texas A&M University
|b Rellis Campus
|c Joint Library Facility
|d Remote Storage
|t 0
|e QP31.2 .D37 1975a
|h Library of Congress classification
|i unmediated -- volume
|k v.4
|m A14806222958
|
| 952 |
f |
f |
|p ric
|a Texas A&M University
|b Rellis Campus
|c Joint Library Facility
|d Remote Storage
|t 0
|e QP31.2 .D37 1975a
|h Library of Congress classification
|i unmediated -- volume
|k v.3
|m A14804992044
|
| 952 |
f |
f |
|p ric
|a Texas A&M University
|b Rellis Campus
|c Joint Library Facility
|d Remote Storage
|t 0
|e QP31.2 .D37 1975a
|h Library of Congress classification
|i unmediated -- volume
|k v.5
|m A14806222966
|
| 952 |
f |
f |
|p ric
|a Texas A&M University
|b Rellis Campus
|c Joint Library Facility
|d Remote Storage
|t 0
|e QP31.2 .D37 1975a
|h Library of Congress classification
|i unmediated -- volume
|k v.2
|m A14806222932
|
| 952 |
f |
f |
|p ric
|a Texas A&M University
|b Rellis Campus
|c Joint Library Facility
|d Remote Storage
|t 0
|e QP31.2 .D37 1975a
|h Library of Congress classification
|i unmediated -- volume
|k v.2
|m A14806222974
|
| 952 |
f |
f |
|p ric
|a Texas A&M University
|b Rellis Campus
|c Joint Library Facility
|d Remote Storage
|t 0
|e QP31.2 .D37 1975a
|h Library of Congress classification
|i unmediated -- volume
|k v.1
|m A14806222924
|
| 998 |
f |
f |
|a QP31.2 .D37 1975a
|s v2
|t 0
|l Remote Storage
|